00000000nam 2200000za 4500
0019.676611
003CaOODSP
00520250114091148
007cr |||||||||||
008150407|2011||||xxc|||||o    f|0| 0 ita d
040 |aCaOODSP|beng
043 |an-cn---
0861 |aA15-11516/2011Ita-PDF|zA15-11516/2011T-PDF
1101 |aCanada. |bAgriculture and Agri-Food Canada.
24510|a[Canadian cranberries : |h[electronic resource]|ba tart treasure].
2463 |aIl mirtillo rosso canadese: un tesoro acidulo
250 |a[Italian edition].
260 |aOttawa - Ontario : |bAgriculture and Agri-Food Canada |c[2011].
300 |a2p.
500 |aIssued also in English under title: Canadian cranberries: a tart treasure.
546 |aText in Italian.
590 |a13-10-Supp|b2013-04-13
69007|aAgri-food industry|2gcpds
77508|tCanadian cranberries : |w(CaOODSP)9.695117
792 |t[Canneberge canadienne : |efre|w(CaOODSP)9.676612
85640|ahttp://publications.gc.ca|qPDF|s600 KB|uhttps://publications.gc.ca/collections/collection_2013/aac-aafc/A15-11516-2011-ita.pdf